Apartmány Technik (Univerzitné centrum s ubytovaním)

Na minha lista:
Detalhes bibliográficos
Autor principal: Dižová, Andrea (Author)
Outros Autores: Andráš, Milan, 1953- (Thesis advisor)
Formato: Manuscrito Livro
Idioma:eslovaco
Publicado em: Bratislava 2015
Assuntos:
Acesso em linha:http://is.stuba.sk/zp/portal_zp.pl?podrobnosti=93797
Tags: Adicionar Tag
Sem tags, seja o primeiro a adicionar uma tag!

MARC

LEADER 00000ntm a22000003a 4500
001 stuzp51893
003 SK-STU
005 20210301081737.8
007 ta
008 150427s2015----xo-----f-mn---000-0-slo-d
040 |a STU  |b slo 
041 0 |a slo 
100 1 |a Dižová, Andrea  |u 058180  |4 aut  |U FAD Fakulta architektúry  |T FA Ústav architektúry občianskych budov  |X 61942  |U A8180  |Y 399  |7 61942 
242 0 1 |a Apartmány TECHNIK  |y eng 
245 1 0 |a Apartmány Technik (Univerzitné centrum s ubytovaním) 
260 |c 2015  |a Bratislava 
650 4 |a apartmány  |2 slo 
650 4 |a internát  |2 slo 
650 4 |a študenti  |2 slo 
650 4 |a hall of residence  |2 eng 
650 4 |a students  |2 eng 
650 4 |a apartments  |2 eng 
700 1 |a Andráš, Milan,  |d 1953-  |4 ths  |X 4208  |7 A000004208 
856 4 |u http://is.stuba.sk/zp/portal_zp.pl?podrobnosti=93797  |u https://opac.crzp.sk/?fn=detailBiblioForm&sid=1080C1D973035A08742186E98A31 
SQL |a stuzp51893  |b DBP  |c SLO  |d Apartmány Technik (Univerzitné centrum s ubytovaním)  |e 61942  |f Dižová, Andrea  |g 058180  |h 4208  |i Andráš, Milan  |j 20150611  |k 149  |l 05  |m http://is.stuba.sk/zp/portal_zp.pl?podrobnosti=93797  |n B-AU  |o 5.1.1. architektúra a urbanizmus